000 00810nam a2200205Ia 4500
001 7265
003 GE_BSU
008 181216s||||||||xx |||||||||||||| ||und||
040 _cGE_BSU
080 _a624.014:744
100 _aВасильченко,В.Т. Рутман,Л.Н. Лукьяненко,Е.П.
245 _aКонструирование и изготовление рабочих чертежей строительных металлоконструкций.
245 _cРед.В.А.Кочан.
260 _aКиев.
260 _bБудiвельник.
260 _c1977.
300 _a136стр.20см.
653 _aКонструирование и изготовление рабочих чертежей строительных металлоконструкций.
942 _cBK
999 _c40637
_d40637